| 000 | 00425nam a2200181Ia 4500 | ||
|---|---|---|---|
| 008 | 230524s9999 xx 000 0 und d | ||
| 020 | _a9780198065426 | ||
| 082 | _bBHA | ||
| 100 | _aD.K.Bhattacharya | ||
| 245 | 0 | _aEngineering Physics | |
| 250 | _a15 | ||
| 260 |
_aNew Delhi _bOxford _c2016 |
||
| 300 | _a"XIX,369p;" | ||
| 500 | _aQuantity Number: 6 | ||
| 650 | _aPhysics | ||
| 700 | _aPoonam Tandon | ||
| 942 | _cBK | ||
| 999 |
_c56719 _d56719 |
||